|
|
|
|
| LEADER |
02379njm a2200709 a 4500 |
| 001 |
000369432 |
| 003 |
CZ BrMZK |
| 005 |
20090903104819.0 |
| 008 |
010907s1997 xr f eng d |
| 028 |
0 |
3 |
|a 9548-36139-2
|b Warner Music
|
| 040 |
|
|
|a BOA001
|b cze
|
| 080 |
|
|
|a 784.4"199"(086.7)
|2 MRF
|
| 245 |
0 |
0 |
|a Radost Classics :
|b 5 Years of Radost FX
|h [zvukový záznam]
|
| 246 |
3 |
3 |
|a Passion
|
| 246 |
3 |
3 |
|a Plastic dreams
|
| 246 |
3 |
3 |
|a Playing with knives
|
| 246 |
3 |
3 |
|a Professional widow
|
| 246 |
3 |
3 |
|a Sugar is sweeter
|
| 246 |
3 |
3 |
|a Testament 1
|
| 246 |
3 |
3 |
|a <<The >>age of love
|
| 246 |
3 |
3 |
|a <<The >>bomb
|
| 246 |
3 |
3 |
|a Yeke, yeke
|
| 246 |
3 |
3 |
|a Come and take a trip
|
| 246 |
3 |
3 |
|a Cow girl
|
| 246 |
3 |
3 |
|a Crystal clear
|
| 246 |
3 |
3 |
|a Doop
|
| 246 |
3 |
3 |
|a Fly life
|
| 246 |
3 |
3 |
|a Free
|
| 246 |
3 |
3 |
|a Funky guitar
|
| 246 |
3 |
3 |
|a Give it up
|
| 246 |
3 |
3 |
|a God save the queer
|
| 246 |
3 |
3 |
|a Groove is in the heart
|
| 246 |
3 |
3 |
|a Hablando
|
| 246 |
3 |
3 |
|a How much can you take?
|
| 246 |
3 |
3 |
|a Hurt you so
|
| 246 |
3 |
3 |
|a It's gonna be a lovely day
|
| 246 |
3 |
3 |
|a Let me be your underwear
|
| 246 |
3 |
3 |
|a Pacific symphony
|
| 260 |
|
|
|a Praha :
|b Warner Music,
|c p1997
|
| 300 |
|
|
|a 2 CD ;
|c 12 cm +
|e 1 slož. list.
|
| 500 |
|
|
|a Durata neuv
|
| 500 |
|
|
|a Nahr. neuv
|
| 505 |
2 |
|
|a Pacific symphony, Plastic dreams, Funky guitar...[et al.]
|
| 511 |
0 |
|
|a Transformer 2; Jaydee; TC 1992...[et al.]
|
| 653 |
0 |
|
|a populární hudba
|a techno
|
| 700 |
1 |
|
|a Amos, Tori,
|d 1963-
|7 js20020122093
|4 prf
|
| 700 |
0 |
|
|a Ultra Naté,
|d 1968-
|7 jx20050603037
|4 prf
|
| 710 |
2 |
|
|a Age Of Love (hudební skupina)
|7 xx0023822
|
| 710 |
2 |
|
|a Grid (hudební skupina)
|7 mzk2003189326
|
| 710 |
2 |
|
|a Underworld (hudební skupina)
|7 xx0022111
|
| 710 |
2 |
|
|a Basement Jaxx (hudební skupina)
|7 xx0024178
|
| 710 |
2 |
|
|a Bizarre Inc. (hudební skupina)
|7 mzk2008466787
|
| 710 |
2 |
|
|a Bucketheads (hudební skupina)
|7 mzk2009513068
|
| 700 |
1 |
|
|a Bolland, C. J.,
|d 1971-
|7 xx0072431
|4 prf
|
| 710 |
2 |
|
|a Deee-Lite (hudební skupina)
|7 mzk2003190540
|4 prf
|
| 710 |
2 |
|
|a Doop (hudební skupina)
|7 mzk2003190544
|
| 710 |
2 |
|
|a Jaydee (hudební skupina)
|
| 710 |
2 |
|
|a Ramirez (hudební skupina)
|
| 910 |
|
|
|a BOA001
|b CD-0006.561
|
| 964 |
|
|
|a Hudba populární
|x techno
|x CD
|
| 990 |
|
|
|a AV
|
| 996 |
6 |
|
|b 261H006945
|c CD-0006.561
|l MZK
|r Sklad / do 24 hodin
|n 0
|p p.v.
|w 000369432
|u 000010
|a 1
|e BOA001
|j MZK50
|s P
|